<?xml version="1.0" encoding="UTF-8"?>
<record
    xmlns:xsi="http://www.w3.org/2001/XMLSchema-instance"
    xsi:schemaLocation="http://www.loc.gov/MARC21/slim http://www.loc.gov/standards/marcxml/schema/MARC21slim.xsd"
    xmlns="http://www.loc.gov/MARC21/slim">

  <leader>01716nam a22002057a 4500</leader>
  <controlfield tag="005">20260121091326.0</controlfield>
  <controlfield tag="008">260117b        |||||||| |||| 00| 0 eng d</controlfield>
  <datafield tag="020" ind1=" " ind2=" ">
    <subfield code="a">9789373073439</subfield>
  </datafield>
  <datafield tag="040" ind1=" " ind2=" ">
    <subfield code="c">AL</subfield>
  </datafield>
  <datafield tag="041" ind1=" " ind2=" ">
    <subfield code="a">English</subfield>
  </datafield>
  <datafield tag="082" ind1=" " ind2=" ">
    <subfield code="a">820.33</subfield>
    <subfield code="b">GHOG</subfield>
  </datafield>
  <datafield tag="100" ind1=" " ind2=" ">
    <subfield code="a">Amitav Ghosh</subfield>
    <subfield code="9">251976</subfield>
  </datafield>
  <datafield tag="245" ind1=" " ind2=" ">
    <subfield code="a">Ghost eye</subfield>
  </datafield>
  <datafield tag="260" ind1=" " ind2=" ">
    <subfield code="a">New Delhi</subfield>
    <subfield code="b">Fourth Estate</subfield>
    <subfield code="c">2026</subfield>
  </datafield>
  <datafield tag="300" ind1=" " ind2=" ">
    <subfield code="a">325p.</subfield>
    <subfield code="b">HB</subfield>
    <subfield code="c">23x16cm.</subfield>
  </datafield>
  <datafield tag="365" ind1=" " ind2=" ">
    <subfield code="a">KSCR-000702</subfield>
    <subfield code="b">&#x20B9;639.00</subfield>
    <subfield code="c">&#x20B9;</subfield>
    <subfield code="d">&#x20B9;799.00</subfield>
    <subfield code="e">13-01-2026</subfield>
  </datafield>
  <datafield tag="520" ind1=" " ind2=" ">
    <subfield code="a">Past and present collide in a novel about a girl who might just be a 'case of the reincarnation type'

Varsha Gupta wants fish for her lunch. Her family can't understand it; the three-year-old has never tasted fish in her life. The Guptas are strict vegetarians and don't allow it inside their Calcutta mansion. But Varsha claims she can remember another life: a mud house by a river where she caught and cooked fish with a different mother.

Perplexed, the Guptas turn to Dr Shoma Bose, a psychiatrist who has been investigating what are known as 'cases of the reincarnation type' for years. But Shoma's understanding of the world is changed forever by Varsha's revelations.

Half a century later, when Varsha's therapeutic case file catches the attention of a group of environmental activists, Shoma's nephew Dinu is drawn inexorably into their plans. And as Dinu finds himself caught up in the search for Varsha, buried memories of his own past begin to surface.

Travelling between late-sixties' Calcutta and present-day Brooklyn, Ghost-Eye is an urgent and expansive novel from one of our greatest living storytellers, about family, fate and our fragile planet.

 
</subfield>
  </datafield>
  <datafield tag="650" ind1=" " ind2=" ">
    <subfield code="a">English Fiction</subfield>
    <subfield code="9">251556</subfield>
  </datafield>
  <datafield tag="942" ind1=" " ind2=" ">
    <subfield code="2">ddc</subfield>
    <subfield code="c">BK</subfield>
  </datafield>
  <datafield tag="999" ind1=" " ind2=" ">
    <subfield code="c">240771</subfield>
    <subfield code="d">240771</subfield>
  </datafield>
  <datafield tag="952" ind1=" " ind2=" ">
    <subfield code="0">0</subfield>
    <subfield code="1">0</subfield>
    <subfield code="2">ddc</subfield>
    <subfield code="4">0</subfield>
    <subfield code="7">0</subfield>
    <subfield code="8">GEN</subfield>
    <subfield code="a">AL</subfield>
    <subfield code="b">AL</subfield>
    <subfield code="c">SK</subfield>
    <subfield code="d">2026-01-13</subfield>
    <subfield code="e">Navakarnataka Publications Pvt. Ltd. Mangaluru-575001</subfield>
    <subfield code="g">639.00</subfield>
    <subfield code="l">0</subfield>
    <subfield code="o">820.33 GHOG</subfield>
    <subfield code="p">078052</subfield>
    <subfield code="r">2026-01-17 09:20:48</subfield>
    <subfield code="v">799.00</subfield>
    <subfield code="w">2026-01-13</subfield>
    <subfield code="y">BK</subfield>
  </datafield>
</record>
